000
00240nam a22001097a 4500
040
_c
SK
082
_a
530
100
_a
អាត់ ចន្ថា
245
_a
រូបវិទ្យា
260
_a
RUA
_b
អាត់
_c
2002
942
_c
KB
999
_c
8468
_d
8468